[Event "Ferreira do Alentejo 2nd"]
[White "Avelino, Camila Biscaya"]
[Black "Dong, Fabio"]
[Site "Ferreira do Alentejo"]
[Round "6"]
[Result "1/2-1/2"]
[Date "2019.12.20"]
[WhiteElo "1774"]
[BlackElo "1550"]
[PlyCount "84"]
[EventDate "2019.12.17"]
[EventType "swiss"]
[EventRounds "9"]
[EventCountry "POR"]
[SourceTitle "CBM 193 Extra"]
[Source "ChessBase"]
[SourceDate "2020.01.31"]
[SourceVersion "1"]
[SourceVersionDate "2020.01.31"]
[SourceQuality "1"]

1. e4 c6 2. d4 d5 3. exd5 cxd5 4. Bd3 Nc6 5. c3 Nf6 6. Bf4 Bg4 7. Qb3 Qd7 8. Nd2 e6 9. Ngf3 Be7 10. 0-0 0-0 11. Rae1 Rac8 12. Ne5 Nxe5 13. dxe5 Ne8 14. Qc2 f5 15. exf6 Nxf6 16. h3 Bh5 17. Nb3 Bd6 18. Be5 Bxe5 19. Rxe5 Bf7 20. Rfe1 Rfe8 21. Nd4 a6 22. Qe2 Nh5 23. Rxh5 Bxh5 24. Qxh5 g6 25. Qg4 Qf7 26. Rxe6 Rxe6 27. Qxe6 Qxe6 28. Nxe6 Re8 29. Nd4 Re1+ 30. Kh2 Ra1 31. a4 Rxa4 32. b4 Ra3 33. Ne2 Kg7 34. Kg3 d4 35. Kf4 dxc3 36. Ke3 Rb3 37. b5 axb5 38. Nd4 Rb2 39. Nxb5 c2 40. Kd2 c1Q+ 41. Kxc1 Rxf2 42. Be4 b6 1/2-1/2

[Event "Ferreira do Alentejo 2nd"]
[White "Dong, Fabio"]
[Black "Santos, Isabel Pereira Dos"]
[Site "Ferreira do Alentejo"]
[Round "5"]
[Result "1-0"]
[Date "2019.12.19"]
[WhiteElo "1550"]
[BlackElo "1807"]
[PlyCount "93"]
[EventDate "2019.12.17"]
[EventType "swiss"]
[EventRounds "9"]
[EventCountry "POR"]
[SourceTitle "CBM 193 Extra"]
[Source "ChessBase"]
[SourceDate "2020.01.31"]
[SourceVersion "1"]
[SourceVersionDate "2020.01.31"]
[SourceQuality "1"]

1. c4 c6 2. Nc3 d5 3. cxd5 cxd5 4. d4 Nf6 5. Bf4 Nc6 6. e3 Bg4 7. Qb3 Qd7 8. h3 Bh5 9. g4 Bg6 10. h4 Nxg4 11. Qxd5 Qxd5 12. Nxd5 Be4 13. Nc7+ Kd7 14. f3 e5 15. Nxa8 exf4 16. fxe4 Nxe3 17. Bh3+ f5 18. Bxf5+ Nxf5 19. exf5 Bb4+ 20. Kf1 Rxa8 21. Nf3 Ke7 22. a3 Ba5 23. b4 Bb6 24. Re1+ Kf6 25. Re6+ Kxf5 26. Rd6 Re8 27. b5 Na5 28. Rd5+ Ke4 29. Re5+ Rxe5 30. Nxe5 Bxd4 31. Ng4 Nc4 32. Nf2+ Bxf2 33. Kxf2 Nxa3 34. Re1+ Kf5 35. Re7 Kf6 36. Rxb7 h6 37. Kf3 g5 38. Rxa7 Nc4 39. b6 Ne5+ 40. Kg2 g4 41. b7 Nd7 42. Ra8 Kg6 43. b8Q Nxb8 44. Rxb8 Kh5 45. Rb4 Kxh4 46. Rxf4 h5 47. Rf5 1-0

[Event "Ferreira do Alentejo 2nd"]
[White "Sousa, Diogo Miguel Braz"]
[Black "Dong, Fabio"]
[Site "Ferreira do Alentejo"]
[Round "4"]
[Result "0-1"]
[Date "2019.12.19"]
[WhiteElo "1375"]
[BlackElo "1550"]
[PlyCount "106"]
[EventDate "2019.12.17"]
[EventType "swiss"]
[EventRounds "9"]
[EventCountry "POR"]
[SourceTitle "CBM 193 Extra"]
[Source "ChessBase"]
[SourceDate "2020.01.31"]
[SourceVersion "1"]
[SourceVersionDate "2020.01.31"]
[SourceQuality "1"]

1. e4 c6 2. Nf3 d5 3. exd5 cxd5 4. Bb5+ Bd7 5. Bxd7+ Nxd7 6. d4 Ngf6 7. Nc3 e6 8. a3 Bd6 9. 0-0 a6 10. Bg5 Qc7 11. g3 0-0 12. Bxf6 Nxf6 13. Re1 Rfc8 14. Re2 b5 15. Na2 a5 16. c3 Rab8 17. b4 Ne4 18. Rc1 Qc4 19. Rb2 Rc7 20. Qf1 Qc6 21. Qd3 Qa6 22. Nd2 Rbc8 23. Nxe4 dxe4 24. Qd2 Rc4 25. Rbc2 axb4 26. axb4 Qc6 27. Qe3 f5 28. h4 Qc7 29. Kh2 f4 30. Qe1 e3 31. fxe3 fxg3+ 32. Kg2 Qe7 33. Qe2 Qxh4 34. Rh1 Qe4+ 35. Kg1 Rf8 36. Qh5 g2 37. Qxh7+ Qxh7 38. Rxh7 Kxh7 39. Rxg2 e5 40. Nc1 exd4 41. exd4 Rxc3 42. Ne2 Rc4 43. Rg4 Rxb4 44. Ng3 Bxg3 45. Rxg3 Rxd4 46. Rh3+ Kg8 47. Rb3 Rb8 48. Rb2 b4 49. Rb1 b3 50. Rb2 Rc4 51. Kf1 Rc2 52. Rb1 b2 53. Rxb2 Rbxb2 0-1

[Event "Ferreira do Alentejo 2nd"]
[White "Dong, Fabio"]
[Black "Nie, Xin"]
[Site "Ferreira do Alentejo"]
[Round "1"]
[Result "0-1"]
[Date "2019.12.17"]
[WhiteElo "1550"]
[BlackElo "2210"]
[PlyCount "68"]
[EventDate "2019.12.17"]
[EventType "swiss"]
[EventRounds "9"]
[EventCountry "POR"]
[SourceTitle "CBM 193 Extra"]
[Source "ChessBase"]
[SourceDate "2020.01.31"]
[SourceVersion "1"]
[SourceVersionDate "2020.01.31"]
[SourceQuality "1"]

1. c4 Nf6 2. Nc3 e6 3. e4 Bb4 4. e5 Ng8 5. d4 c5 6. a3 cxd4 7. axb4 dxc3 8. bxc3 Qc7 9. Qd6 Qxd6 10. exd6 b6 11. Be3 Bb7 12. Nf3 Nc6 13. Be2 Nf6 14. b5 Na5 15. c5 Nb3 16. Ra3 Nxc5 17. 0-0 Nfe4 18. Rfa1 Nxd6 19. Rxa7 Rxa7 20. Rxa7 Ke7 21. Nd4 Ra8 22. Rxa8 Bxa8 23. f3 Bd5 24. Kf2 Na4 25. Bd2 Nc4 26. Bxc4 Bxc4 27. Ke3 Kd6 28. Ke4 f5+ 29. Kf4 e5+ 30. Kxf5 exd4 31. cxd4 Kd5 32. Be3 Bxb5 33. h4 Bd3+ 34. Kf4 b5 0-1

[Event "Figueira da Foz op 13th"]
[White "Dong, Fabio"]
[Black "Tadevosyan, Aspet"]
[Site "Figueira da Foz"]
[Round "7"]
[Result "0-1"]
[Date "2019.11.01"]
[WhiteElo "1410"]
[BlackElo "1998"]
[PlyCount "82"]
[EventDate "2019.10.27"]
[EventType "swiss"]
[EventRounds "9"]
[EventCountry "POR"]
[SourceTitle "CBM 192 Extra"]
[Source "Chessbase"]
[SourceDate "2019.11.06"]
[SourceVersion "1"]
[SourceVersionDate "2019.11.06"]
[SourceQuality "1"]

1. c4 e6 2. Nc3 d5 3. d4 Be7 4. cxd5 exd5 5. Qc2 Bf6 6. e3 Ne7 7. Nf3 Nbc6 8. a3 Bf5 9. Bd3 g6 10. 0-0 0-0 11. h3 Re8 12. Bd2 Bxd3 13. Qxd3 Bg7 14. Rfe1 a6 15. Rac1 Na5 16. Qc2 Nc4 17. Na2 Rc8 18. Bb4 Nc6 19. Nd2 a5 20. Nxc4 axb4 21. Nd2 bxa3 22. bxa3 Qd6 23. Qb3 b6 24. Nb4 Ne7 25. Rc2 c5 26. dxc5 bxc5 27. Na2 Rb8 28. Qd3 Red8 29. e4 c4 30. Qe2 c3 31. Nf3 d4 32. Qd3 Qxa3 33. Rd1 Nc6 34. Qc4 Rbc8 35. Qd3 Qb3 36. Nc1 Qe6 37. Ne2 Nb4 38. Nexd4 Nxd3 39. Nxe6 fxe6 40. Ng5 Nb4 41. Rxd8+ Rxd8 0-1

[Event "Figueira da Foz op 13th"]
[White "Babo, Miguel Carranca Fei"]
[Black "Dong, Fabio"]
[Site "Figueira da Foz"]
[Round "2"]
[Result "1/2-1/2"]
[Date "2019.10.28"]
[WhiteElo "1827"]
[BlackElo "1410"]
[PlyCount "70"]
[EventDate "2019.10.27"]
[EventType "swiss"]
[EventRounds "9"]
[EventCountry "POR"]
[SourceTitle "CBM 192 Extra"]
[Source "Chessbase"]
[SourceDate "2019.11.06"]
[SourceVersion "1"]
[SourceVersionDate "2019.11.06"]
[SourceQuality "1"]

1. d4 d5 2. Nf3 Nf6 3. e3 c6 4. Bd3 Bg4 5. b3 e6 6. 0-0 Nbd7 7. Bb2 Be7 8. Nbd2 0-0 9. Qe1 Qc7 10. Ne5 Nxe5 11. dxe5 Nd7 12. f3 Bh5 13. f4 Nc5 14. f5 Nxd3 15. cxd3 exf5 16. d4 Bg6 17. Qe2 Rfe8 18. Rac1 a5 19. a3 b5 20. Qxb5 cxb5 21. Rxc7 b4 22. a4 Bg5 23. Re1 Rec8 24. Rc5 Rxc5 25. dxc5 Rc8 26. Bd4 f4 27. Nf3 Bh6 28. exf4 Bxf4 29. g3 Bh6 30. Re2 Bd3 31. Rf2 Be4 32. h4 g6 33. Nh2 Bf8 34. Ng4 Bxc5 35. Nf6+ Kg7 1/2-1/2

[Event "Oeiras Honra"]
[White "Dong, Fabio"]
[Black "Correia, Pedro Mourao Soares"]
[Site "Oeiras"]
[Round "4"]
[Result "1/2-1/2"]
[Date "2019.08.15"]
[WhiteElo "1433"]
[BlackElo "1525"]
[PlyCount "75"]
[EventDate "2019.08.13"]
[EventType "tourn"]
[EventRounds "9"]
[EventCountry "POR"]
[SourceTitle "EXT 2020"]
[Source "ChessBase"]
[SourceDate "2019.10.17"]
[SourceVersion "1"]
[SourceVersionDate "2019.10.17"]
[SourceQuality "1"]

1. c4 g6 2. Nc3 Bg7 3. d4 e5 4. d5 d6 5. e4 Nf6 6. Nf3 0-0 7. Be2 Bg4 8. h3 Bxf3 9. Bxf3 Nbd7 10. 0-0 a6 11. Bg5 h6 12. Bxf6 Bxf6 13. Rb1 Rb8 14. Qc2 c6 15. Qd2 Bg5 16. Qd3 c5 17. a3 Qa5 18. Nd1 b5 19. Ne3 Rb7 20. b4 Qc7 21. Bg4 cxb4 22. Bxd7 Qxd7 23. axb4 Bxe3 24. fxe3 bxc4 25. Qxc4 Rb5 26. Rfc1 Qa7 27. Qc3 Rfb8 28. Qe1 a5 29. bxa5 Rxb1 30. Rxb1 Rxb1 31. Qxb1 Qxe3+ 32. Kh1 Kg7 33. a6 Qc5 34. Qb7 Qc1+ 35. Kh2 Qf4+ 36. Kg1 Qc1+ 37. Kf2 Qf4+ 38. Kg1 1/2-1/2

[Event "Oeiras Honra"]
[White "Horta, Antonio Jose Simoes"]
[Black "Dong, Fabio"]
[Site "Oeiras"]
[Round "3"]
[Result "1/2-1/2"]
[Date "2019.08.15"]
[WhiteElo "1843"]
[BlackElo "1433"]
[PlyCount "47"]
[EventDate "2019.08.13"]
[EventType "tourn"]
[EventRounds "9"]
[EventCountry "POR"]
[SourceTitle "EXT 2020"]
[Source "ChessBase"]
[SourceDate "2019.10.17"]
[SourceVersion "1"]
[SourceVersionDate "2019.10.17"]
[SourceQuality "1"]

1. d4 d5 2. Nf3 c6 3. g3 Nf6 4. Bg2 Bf5 5. 0-0 e6 6. c4 h6 7. Nc3 Nbd7 8. cxd5 exd5 9. Bf4 Be7 10. a3 a5 11. Ne5 g5 12. Bc1 Nxe5 13. dxe5 Nd7 14. e4 dxe4 15. Bxe4 Bxe4 16. Nxe4 Nxe5 17. Be3 0-0 18. Qc2 Qd3 19. Rac1 Qxc2 20. Rxc2 Rfd8 21. Bb6 Rd5 22. Bc5 Bxc5 23. Nf6+ Kg7 24. Nxd5 1/2-1/2

[Event "Sao Martinho do Porto op 1st"]
[White "Dong, Fabio"]
[Black "Fernandes, Martim"]
[Site "Sao Martinho do Porto"]
[Round "8"]
[Result "1-0"]
[Date "2018.09.20"]
[WhiteElo "1289"]
[BlackElo "1092"]
[PlyCount "69"]
[EventDate "2018.09.15"]
[EventType "swiss"]
[EventRounds "9"]
[EventCountry "POR"]
[SourceTitle "CBM 186 Extra"]
[Source "ChessBase"]
[SourceDate "2018.08.24"]
[SourceVersion "1"]
[SourceVersionDate "2018.08.24"]
[SourceQuality "1"]

1. c4 c5 2. Nc3 Nc6 3. g3 g6 4. Bg2 Bg7 5. Nf3 Nf6 6. 0-0 0-0 7. d4 cxd4 8. Nxd4 Rb8 9. Bf4 d6 10. Bxc6 Nh5 11. Bg2 e5 12. Be3 exd4 13. Bxd4 Nf6 14. Bxa7 Ra8 15. Bd4 Be6 16. b3 Qd7 17. Nd5 Nxd5 18. Bxd5 Bxd5 19. Bxg7 Kxg7 20. Qxd5 Qc6 21. Qxc6 bxc6 22. Rfd1 Rad8 23. a4 Rfe8 24. e3 Re6 25. a5 d5 26. cxd5 cxd5 27. b4 Rb8 28. a6 Ra8 29. Rxd5 Rexa6 30. Rxa6 Rxa6 31. b5 Rb6 32. Kf1 Kf6 33. Ke2 Ke6 34. e4 f6 35. f3 1-0

[Event "Sao Martinho do Porto op 1st"]
[White "Ferreira, Cristina"]
[Black "Dong, Fabio"]
[Site "Sao Martinho do Porto"]
[Round "7"]
[Result "0-1"]
[Date "2018.09.19"]
[WhiteElo "1134"]
[BlackElo "1289"]
[PlyCount "92"]
[EventDate "2018.09.15"]
[EventType "swiss"]
[EventRounds "9"]
[EventCountry "POR"]
[SourceTitle "CBM 186 Extra"]
[Source "ChessBase"]
[SourceDate "2018.08.24"]
[SourceVersion "1"]
[SourceVersionDate "2018.08.24"]
[SourceQuality "1"]

1. d4 Nf6 2. Nf3 e6 3. Bg5 d5 4. e3 Be7 5. Bb5+ Bd7 6. Bxd7+ Nbxd7 7. 0-0 0-0 8. Nc3 c5 9. Nb5 a6 10. Na3 h6 11. Bh4 cxd4 12. exd4 Bxa3 13. Bxf6 Nxf6 14. bxa3 Qc7 15. Qd3 Rac8 16. Rac1 Qc3 17. Ne1 Qxd3 18. Nxd3 Rc3 19. Rfd1 Rxa3 20. Ra1 Rc8 21. Nb4 a5 22. Rd3 axb4 23. Rb3 Rxb3 24. cxb3 Rc2 25. h3 Rd2 26. g4 Rxd4 27. f3 Rd2 28. a3 bxa3 29. Rxa3 Rb2 30. Ra8+ Kh7 31. Rf8 Rxb3 32. Rxf7 Rxf3 33. g5 b6 34. Kg2 Rf5 35. g6+ Kxg6 36. Re7 e5 37. Kg3 e4 38. h4 h5 39. Rc7 d4 40. Rc6 d3 41. Rd6 b5 42. Rd4 b4 43. Rxb4 d2 44. Rd4 e3 45. Kg2 e2 46. Rxd2 e1Q 0-1

[Event "Sao Martinho do Porto op 1st"]
[White "Dong, Fabio"]
[Black "Pais, Bruno Miguel Dos Sa"]
[Site "Sao Martinho do Porto"]
[Round "3"]
[Result "0-1"]
[Date "2018.09.16"]
[WhiteElo "1289"]
[BlackElo "1817"]
[PlyCount "68"]
[EventDate "2018.09.15"]
[EventType "swiss"]
[EventRounds "9"]
[EventCountry "POR"]
[SourceTitle "CBM 186 Extra"]
[Source "ChessBase"]
[SourceDate "2018.08.24"]
[SourceVersion "1"]
[SourceVersionDate "2018.08.24"]
[SourceQuality "1"]

1. c4 e5 2. Nc3 Nf6 3. g3 d5 4. cxd5 Nxd5 5. Bg2 Nb6 6. Nf3 Nc6 7. 0-0 Be7 8. d3 0-0 9. Bd2 Be6 10. a3 f6 11. b4 Nd4 12. Nxd4 exd4 13. Ne4 Bd5 14. Rc1 Re8 15. b5 Bxa3 16. Ra1 Qe7 17. Bc1 Bxc1 18. Rxc1 c6 19. bxc6 Bxc6 20. Qb3+ Bd5 21. Qb2 f5 22. Nc5 Bxg2 23. Kxg2 Qd6 24. Qb3+ Qd5+ 25. Qxd5+ Nxd5 26. Nxb7 Rxe2 27. Rc4 Ne3+ 28. Kf3 Nxc4 29. Kxe2 Ne5 30. Rc1 Kf7 31. Rc4 Nxc4 32. dxc4 Ke6 33. Kd3 a5 34. Kxd4 a4 0-1

[Event "Sao Martinho do Porto op 1st"]
[White "Oliveira, Tomas Honorio"]
[Black "Dong, Fabio"]
[Site "Sao Martinho do Porto"]
[Round "2"]
[Result "1-0"]
[Date "2018.09.15"]
[WhiteElo "1596"]
[BlackElo "1289"]
[PlyCount "59"]
[EventDate "2018.09.15"]
[EventType "swiss"]
[EventRounds "9"]
[EventCountry "POR"]
[SourceTitle "CBM 186 Extra"]
[Source "ChessBase"]
[SourceDate "2018.08.24"]
[SourceVersion "1"]
[SourceVersionDate "2018.08.24"]
[SourceQuality "1"]

1. c4 Nf6 2. g3 e6 3. Bg2 d5 4. cxd5 exd5 5. Nf3 c6 6. d4 Be7 7. Nc3 0-0 8. 0-0 Bf5 9. a3 a5 10. Bf4 Nbd7 11. Nh4 Be6 12. Nf3 Nb6 13. Bg5 h6 14. Bxf6 Bxf6 15. e3 Nc4 16. b3 Nd6 17. Re1 Qc7 18. Na4 b6 19. Ra2 Qd7 20. Nxb6 Qb7 21. Nxa8 Rxa8 22. Nd2 Nb5 23. Qc2 Be7 24. a4 Nd6 25. Rc1 Rc8 26. e4 Qb4 27. Qc3 Qb6 28. h4 Nb7 29. Qe3 Bb4 30. exd5 1-0

[Event "Famalicao op 6th"]
[White "Saran, Vikash Velumani"]
[Black "Dong, Fabio"]
[Site "Famalicao"]
[Round "6"]
[Result "1/2-1/2"]
[Date "2018.08.01"]
[WhiteElo "1379"]
[BlackElo "1364"]
[PlyCount "73"]
[EventDate "2018.07.29"]
[EventType "swiss"]
[EventRounds "9"]
[EventCountry "POR"]
[SourceTitle "CBM 185 Extra"]
[Source "ChessBase"]
[SourceDate "2018.07.29"]
[SourceVersion "1"]
[SourceVersionDate "2018.07.29"]
[SourceQuality "1"]

1. e4 c5 2. Nc3 Nc6 3. f4 e6 4. Nf3 Nf6 5. Bb5 d5 6. Qe2 dxe4 7. Nxe4 Bd7 8. 0-0 a6 9. Bxc6 Bxc6 10. d3 Be7 11. b3 Qc7 12. Ne5 Nxe4 13. dxe4 Bf6 14. Bb2 b5 15. Rab1 Qb6 16. Kh1 Qb7 17. Nxc6 Bxb2 18. Rxb2 Qxc6 19. f5 0-0 20. f6 gxf6 21. Rxf6 Rad8 22. Rb1 Rd4 23. Re1 Qc7 24. h3 Qg3 25. Ref1 Qg5 26. R6f4 f5 27. c3 Rxe4 28. Rxe4 fxe4 29. Rxf8+ Kxf8 30. Qxe4 Qc1+ 31. Kh2 Qxc3 32. Qxe6 a5 33. Qf5+ Kg7 34. Qg5+ Kf7 35. Qf5+ Kg8 36. Qg5+ Kf7 37. Qf5+ 1/2-1/2